Normal view
MARC view
Entry Personal Name
001 - CONTROL NUMBER
- control field: 6935
003 - CONTROL NUMBER IDENTIFIER
- control field: OSt
005 - DATE AND TIME OF LATEST TRANSACTION
- control field: 20130225202413.0
008 - FIXED-LENGTH DATA ELEMENTS
- fixed length control field: 130225|||a|||||| | ||| d
040 ## - CATALOGING SOURCE
- Original cataloging agency: OSt
- Transcribing agency: OSt
100 ## - HEADING--PERSONAL NAME
- Personal name: Edited by Herring, Wendy
670 ## - SOURCE DATA FOUND
- Source citation: Work cat.: (OSt): Edited by Herring, Wendy, The All England Law Reports : , 2011
